The Legend of Zelda Series - All Dungeons - Statistics

General Stats
  • This quiz has been taken 476 times
  • The average score is 72 of 143
Answer Stats
Answer % Correct
Fire Sanctuary
96%
Fire Temple
96%
Temple of Fire
96%
Water Temple
95%
Forest Temple
93%
Dark Hyrule Castle
91%
Hyrule Castle
91%
Hyrule Castle Tower
91%
Inside Hyrule Castle
91%
Inside the Deku Tree
88%
Inside Jabu Jabu's Belly
87%
Shadow Temple
87%
Forest Temple
85%
Spirit Temple
85%
Ice Cavern
84%
Ice Palace
84%
Ice Ruins
84%
Palace of Winds
84%
Temple of Ice
84%
Temple of Wind
84%
Wind Temple
84%
Inside Ganon's Castle
82%
Jabu Jabu's Belly
82%
Dodongo's Cave
79%
Snowhead Temple
79%
Snowpeak Ruins
79%
Snow Temple
79%
Earth Temple
77%
Vah Ruta
74%
Goron Mines
71%
Goron Temple
71%
Great Palace
71%
Vah Naboris
71%
Temple of Time
69%
Vah Medoh
69%
Sand Temple
68%
Vah Rudania
68%
Ganon's Tower
65%
Moons Dungeon
64%
Great Bay Temple
63%
Level 1
63%
Level 2
63%
Level 3
63%
Level 4
63%
Level 5
63%
Level 6
63%
Level 7
63%
Level 8
63%
Stone Tower Dungeon
63%
Arbiters Grounds
62%
City in the Sky
62%
Level 9
62%
Sandship
62%
Lakebed Temple
61%
Palace of Twilight
61%
Desert Palace
60%
Turtle Rock
60%
Ancient Cistern
59%
Dragon Roost Cavern
56%
Eastern Palace
56%
Skyview Temple
56%
Swamp Palace
55%
Woodfall Temple
53%
Tower of the Gods
52%
Skull Dungeon
51%
Dark Palace
50%
Palace of Darkness
50%
Tower of Hera
50%
Eagle's Tower
48%
Sky Keep
48%
Forsaken Fortress
47%
Ocean Palace
47%
Ocean Temple
47%
Forbidden Woods
46%
Skull Woods
44%
Lanayru Mining Facility
40%
Lorule Castle
40%
Bottom of the Well
38%
Key Cavern
38%
Wind Fish's Egg
37%
Temple of Droplets
36%
Temple of the Ocean King
36%
Bottle Grotto
35%
Face Shrine
35%
Thieves' Hideout
35%
Tail Cave
34%
Misery Mire
33%
Catfish's Maw
32%
Thieves' Town
30%
Cave of Flames
27%
Angler's Tunnel
26%
Deepwood Shrine
26%
Tower of Spirits
26%
Eastern Palace
24%
House of Gales
24%
Desert Palace
23%
Ghostship
23%
Mermaid's Cave
23%
Parapa Palace
22%
Fortress of Winds
21%
Black Tower
20%
Dancing Dragon Dungeon
19%
Temple of Courage
19%
Gnarled Root Dungeon
18%
Island Palace
18%
Swamp Palace
18%
Unicorn's Cave
18%
Cave of Ordeals
17%
Final Trial
17%
Ancient Tomb
15%
Hidden Palace
15%
Maze Island Palace
15%
Midoro Palace
15%
Poison Moth's Lair
15%
Wing Dungeon
15%
Snake's Remains
14%
Crown Dungeon
13%
Mutoh's Temple
13%
Ancient Ruins
12%
Moonlit Grotto
12%
Onox's Castle
12%
Explorer's Crypt
11%
Sword & Shield Maze
11%
Spirit's Grave
9%
Yiga Clan Hideout
7%
Savage Labyrinth
5%
Gerudo's Training Grounds
4%
Royal Crypt
4%
Ancient Castle of Ikana
3%
Pirate Stronghold
3%
Secret Shrine
3%
Beneath the Wall
1%
No matching quizzes found
Score Distribution
Percent of People with Each Score
Percentile by Number Answered
Your Score History
You have not taken this quiz